| 000 | 01340cam a22003011i 4500 | ||
|---|---|---|---|
| 003 | SA-RiAUC | ||
| 005 | 20250411135909.0 | ||
| 008 | 250409s2012 xx g 000 0 ara c | ||
| 040 |
_aSA-RiMWL _bara _cSA-RiAUC _erda |
||
| 050 | 4 | _b.K43 2012 | |
| 082 | 0 | 4 |
_a081 _qSA-RiAUC |
| 090 |
_a081 _b خ ي ا |
||
| 100 | 1 |
_aخياط، عبد الله عمر عبد الرحمن، _d1355 هجري- _eمؤلف. |
|
| 245 | 1 | 0 |
_aمن السبت إلى السبت : _bقضايانا بجريدة عكاظ من 7 / 8 / 1389 هـ. حتى 17 / 12 / 1390 هـ / _cعبد الله عمر خياط. |
| 250 | _aالطبعة الأولى. | ||
| 264 | 1 |
_a[مكان النشر غير محدد] : _b[الناشر غير محدد]، _c2012 |
|
| 264 | 3 |
_a[مكان الطبع غير محدد] : _bمطابع سحر |
|
| 300 |
_a256 صفحة؛ _c24 سم. |
||
| 336 |
_aنص _btxt _2rdacontent _3كتاب |
||
| 337 |
_aبدون وسيط _bn _2rdamedia |
||
| 338 |
_aمجلد _bnc _2rdacarrier |
||
| 610 | 2 | 7 |
_aجريدة عكاظ (السعودية) _2aucnm |
| 650 | 7 |
_aالمقالات العربية _zالسعودية _yقرن 14 هجري _2aucsh |
|
| 650 | 7 |
_aالمقالات الصحفية _zالسعودية _yقرن 14 هجري _2aucsh |
|
| 653 | _aالمعارف العامة | ||
| 942 |
_2ddc _cBOOK _n0 |
||
| 949 |
_aSA-JeALM _d250409 _umohamedma123 _n1 |
||
| 999 |
_c6901 _d6901 |
||